| 000 | 00887nam a2200253Ia 4500 | ||
|---|---|---|---|
| 003 | OSt | ||
| 005 | 20221005112046.0 | ||
| 006 | a|||||r|||| 00| 0 | ||
| 007 | ta | ||
| 008 | 221004b |||||||| |||| 00| 0 hin d | ||
| 024 | _a107989 | ||
| 037 | _cTextual | ||
| 040 |
_aCRL _cCRL _bhin |
||
| 041 |
_2hin _ahin |
||
| 082 | _aO152,1M89:g(R3), L6 | ||
| 100 | _aमिश्र, परमहंस | ||
| 245 | 0 | _aप्रसाद का प्रत्यभिज्ञादर्शन | |
| 246 | _aPrasād kā pratyabhijnyādarshana | ||
| 260 |
_aवाराणासी _bप्रत्यभिज्ञा प्रकाशन भारत _c1976 |
||
| 300 |
_a454पृ0 _ccm. |
||
| 650 | _aहिन्दी साहित्य | ||
| 942 |
_hO152,1M89:g(R3), L6 _cTEXL _2cc |
||
| 999 |
_c1023705 _d1023705 |
||